000 00465nam a2200193Ia 4500
005 20250425160816.0
008 250425s9999 xx 000 0 und d
020 _a0130328480
041 _aeng
082 _a621.3819596
100 _aSHEINGOLD, DANIEL H.
245 0 _aANALOG-DIGITAL CONVERSION HANDBOOK
250 _a3TH ED.
260 _aENGLEWOOD
260 _aEstados Unidos
_bPRENTICE HALL
_c1986
300 _a671
942 _c01
010 _a5806
999 _c196570
_d196570